LEADER 01142nam a2200337 i 4500 001 991003693449707536 005 20021220115337.0 008 020905s2001 de ||| | fre 020 $a3540423354 035 $ab11849137-39ule_inst 035 $aLE01313495$9ExL 040 $aDip.to Matematica$beng 082 0 $a515.3 084 $aAMS 26A06 084 $aAMS 26B10 084 $aAMS 34A12 084 $aAMS 40A05 084 $aAMS 40A10 100 1 $aGianella, Hervé$0531861 245 10$aProblèmes choisis de mathématiques supérieures /$c[par] H. Gianella ... [et al.] 260 $aBerlin :$bSpringer,$cc2001 300 $aviii, 267 p. ;$c24 cm. 490 0 $aScopos ;$v14 500 $aIncludes bibliographical references and index 650 4$aOne-variable calculus 907 $a.b11849137$b28-04-17$c20-12-02 912 $a991003693449707536 945 $aLE013 26A GIA11 (2001)$g1$i2013000131740$lle013$o-$pE0.00$q-$rl$s- $t0$u1$v0$w1$x0$y.i12101667$z20-12-02 996 $aProblèmes choisis de mathématiques supérieures$9899870 997 $aUNISALENTO 998 $ale013$b01-01-02$cm$da $e-$ffre$gde $h0$i1 LEADER 00953nam0 22002651i 450 001 UON00044353 005 20231205102159.732 100 $a20020107d1978 |0itac50 ba 101 $aheb 102 $aIL 105 $a|||| 1|||| 200 1 $a'Ivrit le-khol rega'$fHayyim Ahranovis 210 $aHaifa$cYa'aves$d1978 215 $a424 p.$d23 cm 606 $aLingua ebraica$xGrammatiche$3UONC003519$2FI 620 $dHaifa$3UONL000326 686 $aSEB II B$cSTUDI EBRAICI - LINGUISTICA - GRAMMATICHE$2A 700 1$aAHRANOVIS$bHayyim$3UONV028214$0649000 712 $aYa'aves$3UONV252951$4650 801 $aIT$bSOL$c20250606$gRICA 899 $aSIBA - SISTEMA BIBLIOTECARIO DI ATENEO$2UONSI 912 $aUON00044353 950 $aSIBA - SISTEMA BIBLIOTECARIO DI ATENEO$dSI SEB II B 030 $eSI SA 30628 5 030 996 $aIvrit le-khol rega$91157364 997 $aUNIOR